000 00910nam a2200265 i 4500
001 bg
100 1 _aPODSIADŁO, Antoni
245 1 0 _aPodstawy konstrukcji maszyn :
_bmateriały pomocnicze do projektowania.
_nCz. 3,
_pSprzęgła i przekładnie mechaniczne /
_cAntoni Podsiadło ; [Wyższa Szkoła Morska Gdynia].
250 _aWyd. 2.
260 _aGdynia :
_bWydaw. Uczelniane WSM,
_c1997.
300 _a258 s. :
_bfot., rys., wykr. ;
_c24 cm.
504 _aBibliogr. s. 258.
650 9 _aMaszyny
_xbudowa i konstrukcje
_xprojekty
650 9 _aPrzekładnie
_xbudowa i konstrukcje
650 9 _aSprzęgła
_xbudowa i konstrukcje
655 _aPodręczniki akademickie
710 0 _aWYŻSZA SZKOŁA MORSKA (Gdynia)
020 _a8386703881
040 _cBPK
041 0 _apl
080 _a621.82/.85(075.8)
920 _a83-86703-88-1
942 _cKS
008 s pl f |000 0 pol
999 _c32826
_d32826
856 _uhttp://koha.tu.koszalin.pl/cgi-bin/koha/opac-detail.pl?biblionumber=32826
_yKatalog online BPK